BIBLIOTECA

SENCICO

Automatización de procesos operativos en el mantenimiento de las redes de alcantarillado / (Registro nro. 4989)

Detalles MARC
000 -LEADER
fixed length control field 01095nam a22002537a 4500
003 - CONTROL NUMBER IDENTIFIER
control field PE SENCICO BE
005 - DATE AND TIME OF LATEST TRANSACTION
control field 20251020182707.0
008 - FIXED-LENGTH DATA ELEMENTS--GENERAL INFORMATION
fixed length control field 240318b |||||||| |||| 00| 0 eng d
040 ## - CATALOGING SOURCE
Original cataloging agency PE SENCICO BE
Transcribing agency PE SENCICO BE
041 ## - LANGUAGE CODE
Language code of text/sound track or separate title spa
084 ## - OTHER CLASSIFICATION NUMBER
Classification number I
-- RED
-- 2018
Item number G26
100 1# - MAIN ENTRY--PERSONAL NAME
9 (RLIN) 2022
Personal name García Vidal, Eduardo Lorenzo
Relator term autor
245 1# - TITLE STATEMENT
Title Automatización de procesos operativos en el mantenimiento de las redes de alcantarillado /
Statement of responsibility, etc. Eduardo Lorenzo García Vidal
260 ## - PUBLICATION, DISTRIBUTION, ETC.
Place of publication, distribution, etc. Lima :
Date of publication, distribution, etc. 2018
300 ## - PHYSICAL DESCRIPTION
Extent 37 h. :
Other physical details il. col. ;
Dimensions 30 cm.
502 ## - DISSERTATION NOTE
Dissertation note Monografía de Titulación.-- Servicio Nacional de Capacitación para la Industria de la Construcción. Escuela Superior Técnica. Carrera Profesional Técnica en Redes de Agua Potable y Agua Residual, 2018
650 10 - SUBJECT ADDED ENTRY--TOPICAL TERM
9 (RLIN) 1440
Topical term or geographic name entry element Tratamiento de aguas residuales
650 20 - SUBJECT ADDED ENTRY--TOPICAL TERM
9 (RLIN) 1435
Topical term or geographic name entry element Aguas residuales
650 20 - SUBJECT ADDED ENTRY--TOPICAL TERM
9 (RLIN) 1755
Topical term or geographic name entry element Alcantarillado
650 20 - SUBJECT ADDED ENTRY--TOPICAL TERM
9 (RLIN) 243
Topical term or geographic name entry element Automatización
710 1# - ADDED ENTRY--CORPORATE NAME
Corporate name or jurisdiction name as entry element Servicio Nacional de Capacitación para la Industria de la Construcción.
Subordinate unit Escuela Superior Técnica
9 (RLIN) 1065
910 ## - USER-OPTION DATA (OCLC)
-- hfp
-- hfp
942 ## - ADDED ENTRY ELEMENTS (KOHA)
Koha item type Monografía de Titulación
Existencias
Fecha de la última vez que lo usaron Número de ingreso o de inventario Pago total Signatura topográfica completa Código de barras Precio efectivo desde Tipo de documento Estado perdido Estado dañado No es para préstamo Retirado Ubicación permanente Ubicación actual Fecha de adquisición
18/03/2024 I-00599   I/RED/2018/G26 BibLima24030040 18/03/2024 Monografía de Titulación         Biblioteca Central Lima Biblioteca Central Lima 18/03/2024